Представление документа в формате RUSMARC

Поле Инд. ПП Название Значение
Тип записи a
Библиографический уровень a
001 Контрольный номер 3bf736f76fe2467199591f926499ef70
005 Дата корректировки 20181120134545.9
100 a Данные общей обработки 20180904 ||| 0rusy0189 ca
101 0_ a Язык текста rus
102 a Страна публикации RU
200 1_ f Первые сведения об ответственности О.Н. Горбунова, Т.А. Вершило
a Заглавие Планирование в бюджетных отношениях как функция государственного управления: правовые проблемы и пути решения
210 d Дата издания 2018
461 _0 1 2000
a Финансовое право
463 _0 1 2000
a №2
v С. 16-19
1 2101
d 2018
1 001662ad391b15f4a32892a2b4af8f96c79
606 a Основная рубрика Финансовое право
610 0_ a Ключевые слова РГУП
a Ключевые слова БЮДЖЕТНОЕ ПРАВО
a Ключевые слова ГОСУДАРСТВЕННОЕ УПРАВЛЕНИЕ
700 _1 a Фамилия Горбунова
b Имя О.Н.
701 _1 a Фамилия Вершило
b Имя Т.А.
801 _0 a Страна RU
b Организация РГУП
c Дата составления 20180904
g Правила каталогизации PSBO
801 _1 a Страна RU
b Организация РГУП
c Дата составления 20180904
g Правила каталогизации PSBO
901 t Тип документа b
w Контрольный № источника 662ad391b15f4a32892a2b4af8f96c79
905 a Дата ввода 20180904